000 00364nam a2200145Ia 4500
008 231129s1997||||xx |||||||||||||| ||spa||
020 _a958-04-4241-X
040 _bspa
082 _a920.71 E35c
100 _aCalaprice Alice
245 0 _aEinstein entre comillas
260 _c1997
264 _aNorma
942 _2ddc
_cBKS
999 _c10046
_d10046